Bekannte Dynastien - Statistiken

Allgemein
  • Dieses Quiz wurde 27 mal gespielt
  • Das Durchschnittsergebnis liegt bei 5 aus 19
Antwortstatistiken
Gebiet/Land Zeit Antwort % Korrekt
Heiliges Römisches Reich ab Mitte des 13. Jahrhunderts, nicht durchgehend Habsburg
78%
Russland 1610 bis 1917 Romanow
78%
Preußen 18. und 19. Jahrhundert Hohenzollern
57%
Frankenreich 8. und 9. Jahrhundert Karolinger
48%
Frankreich frühe Neuzeit Bourbonen
35%
Heiliges Römisches Reich 12. und 13. Jahrhundert Staufer
35%
Rom 31 bzw 27 v. Chr. bis 68 n. Chr. Julisch-Claudische Dynastie
26%
Frankenreich 5. bis 8. Jahrhundert Merowinger
26%
Königreich Sizilien Teile des 13. Jahrhunderts Anjou
22%
Kalifat 750 bis 1258 Abbasiden
17%
Rom 306 bis 363 n. Chr. Konstantinische Dynastie
17%
Perserreich 226 bis 651 n. Chr. Sasaniden
17%
Kalifat 661 bis 750 Umayyaden
17%
Partherreich 3. Jhdt. v. Chr. bis 226 n. Chr. Arsakiden
13%
Kalifat 10. bis 12. Jahrhundert Fatimiden
13%
(Reich im allgemeinen nach Herrscherhaus benannt) 1301 bis 1922 Osmanen
13%
Rom 193 bis 235 n. Chr. Severische Dynastie
13%
zunächst in Nordafrika, später auch auf der iberischen Halbinsel 1046 bis 1147 Almoraviden
9%
Polen Hochmittelalter Piasten
4%
Keine übereinstimmenden Quizze gefunden
Verteilung der Resultate
Anzahl Personen mit jedem Resultat
Perzentil nach korrekt beantworteten Fragen
Ihre Resultats-Entwicklung
Sie haben dieses Quiz noch nicht gespielt